| 000 | 00608cam a22002051 4500 | ||
|---|---|---|---|
| 001 | med47000301 | ||
| 003 | DLC | ||
| 005 | 20260227111558.0 | ||
| 008 | 810815s1946 xx ac 000 0 eng | ||
| 010 | _amed47000301 | ||
| 035 | _a(OCoLC)14731334 | ||
| 040 |
_aDLC _cDNLM _dDLC |
||
| 042 | _apremarc | ||
| 050 | 0 | 0 |
_aRM730 _b.F83 |
| 060 | 0 |
_aWB 905 _bF917c 1946 |
|
| 100 | 1 |
_aFrisbie, Granville Kimball, _d1902- |
|
| 245 | 1 | 0 | _aCollege textbook of the Truscott system of angular analysis and controlled adjusting ... |
| 260 |
_aSan Jose, Calif., _bL. L. Truscott, _cc1946. |
||
| 300 |
_a99 p. _bill., ports. |
||
| 999 |
_c38029 _d38029 |
||